000 nam a22 7a 4500
999 _c52938
_d52938
003 OSt
005 20220709144410.0
008 220709b xxu||||| |||| 00| 0 eng d
040 _cIIMT UNIVERSITY MEERUT
100 _aGUPTA, D.K., SINGH
245 _aSOFTWARE TESTING
260 _bDHANPAT RAI
300 _a170
942 _2ddc
_c09